Elektro-tepelné modelovanie batériových systémov pre účely odhadu ich stavu : dátum obhajoby 22.8.2025
Salvato in:
| Autore principale: | |
|---|---|
| Altri autori: | |
| Natura: | Manoscritto Libro |
| Lingua: | slovacco |
| Pubblicazione: |
Bratislava :
STU v Bratislave FEI,
2025
|
| Soggetti: | |
| Accesso online: | https://opac.crzp.sk/?fn=detailBiblioFormChildKB2CQ&sid=8DA48F56075EEA6F770C5416AB9C&seo=CRZP-detail-kniha |
| Tags: |
Nessun Tag, puoi essere il primo ad aggiungerne!!
|
MARC
| LEADER | 00000ntm a22000003a 4500 | ||
|---|---|---|---|
| 001 | stuzp71151 | ||
| 003 | SK-STU | ||
| 005 | 20250910111243.2 | ||
| 007 | ta | ||
| 008 | 150427s2015----xo-----f-mn---000-0-slo-d | ||
| 040 | |a STU |b slo | ||
| 041 | 0 | |a slo | |
| 044 | |a xo | ||
| 100 | 1 | |a Baťa, Martin |u 030400 |k Z8 |4 aut |U FEI Fakulta elektrotechniky a informatiky |T FEI Ústav automobilovej mechatroniky |X 72675 |U E400 |Y 642 |7 72675 | |
| 242 | 0 | 1 | |a Electro-thermal modeling of battery systems for state estimation purposes |y eng |
| 245 | 1 | 0 | |a Elektro-tepelné modelovanie batériových systémov pre účely odhadu ich stavu : |b dátum obhajoby 22.8.2025 |
| 260 | |a Bratislava : |b STU v Bratislave FEI, |c 2025 | ||
| 300 | |a 157 s., príl., |b Autoref. 2025, 51 s. | ||
| 650 | 4 | |a lítium-iónový článok |2 slo | |
| 650 | 4 | |a elektro-tepelný model |2 slo | |
| 650 | 4 | |a odhad vnútorných stavov |2 slo | |
| 650 | 4 | |a digitálne dvojča |2 slo | |
| 650 | 4 | |a tepelná sieť |2 slo | |
| 650 | 4 | |a CFD simulácia |2 slo | |
| 650 | 4 | |a lithium-ion cell |2 eng | |
| 650 | 4 | |a electro-thermal model |2 eng | |
| 650 | 4 | |a internal state estimation |2 eng | |
| 650 | 4 | |a digital twin |2 eng | |
| 650 | 4 | |a thermal network |2 eng | |
| 650 | 4 | |a CFD simulation |2 eng | |
| 700 | 1 | |a Rosinová, Danica |u 030400 |k Z1 |4 ths |U FEI Fakulta elektrotechniky a informatiky |T FEI Ústav automobilovej mechatroniky |X 4938 |U E400 |Y 642 |7 A000004938 | |
| 856 | 4 | |u https://opac.crzp.sk/?fn=detailBiblioFormChildKB2CQ&sid=8DA48F56075EEA6F770C5416AB9C&seo=CRZP-detail-kniha | |